Movies Quiz

Random Movies or Food Quiz

Eating at the Movies Quiz Stats

Quiz Updated Aug 1, 2016

Also try: Let's Dance!
Challenge
Share
Tweet
Score 0/20 Timer 05:00
3 Plays Today
% Correct
Beauty and the Beast
98.5%
Lady and the Tramp
97.1%
Elf
96.6%
Edward Scissorhands
95.6%
Garfield: The Movie
91.9%
Breakfast at Tiffany's
82.2%
Pulp Fiction
81.1%
The Breakfast Club
78.8%
Groundhog Day
77.6%
When Harry Met Sally...
71.4%
% Correct
Ratatouille
66.6%
Fantastic Mr. Fox
66.2%
Harry Potter and the Half-Blood Prince
61.6%
Pee-wee's Big Adventure
53.9%
A Christmas Carol
53.2%
Cool Hand Luke
40.3%
Marie Antoinette
37.8%
The Hobbit: An Unexpected Journey
33.3%
Eat Pray Love
32.9%
Rosemary's Baby
15.8%

You're not logged in!

Compare scores with friends on all Sporcle quizzes.
Join for Free
OR
Log In

You Might Also Like...

Show Comments

Extras

Top Quizzes Today


Score Distribution

Your Account Isn't Verified!

In order to create a playlist on Sporcle, you need to verify the email address you used during registration. Go to your Sporcle Settings to finish the process.

Report this User

Report this user for behavior that violates our Community Guidelines.

Details: